Oeuvres de S. Pachôme et de ses disciples /

محفوظ في:

المؤلف الرئيسي: Pachomius, Saint (مؤلف)

التنسيق: كتاب

اللغة: French
Coptic

منشور في: Louvain : L. Durbecq, 1956.

سلاسل: Corpus scriptorum Christianorum Orientalium. Scriptores Coptici ; 23-24.
CSCO.SC ; 23-24.

الموضوعات:

الوسوم: إضافة وسم

لا توجد وسوم, كن أول من يضع وسما على هذه التسجيلة!

رقم الطلب: BX100 .C8 C8 v.23-24

LEADER 00986namaa2200289 4500
001 21710
003 OSt
005 20250313085306.0
008 130303s1956 be g b 000 0 fre d
010 |a 2004432133 
040 |c ARCE Library 
041 1 |a fre  |h cop 
050 4 |a BX100 .C8 C8 v.23-24 
100 1 |a Pachomius, Saint,  |e author 
245 1 0 |a Oeuvres de S. Pachôme et de ses disciples /  |c Éditées par L.-Th. Lefort. 
264 1 |a Louvain :  |b L. Durbecq,   |c 1956. 
300 |a 2 volumes in 1. ;   |c 26 cm. 
490 0 |a Corpus scriptorum Christianorum Orientalium. Scriptores Coptici ;   |v 23-24. 
490 0 |a CSCO.SC ;   |v 23-24. 
504 |a Bibliographical footnotes. 
650 0 |a Monastic and religious life  |v Early works to 1800. 
650 0 |a Monasticism and religious orders  |v Rules  |v Early works to 1800. 
650 0 |a Theology   |x History   |y Early church, ca. 30-600. 
650 0 |a Theology   |v Early works to 1800. 
901 |a reviewed 
942 |c BK  |2 lcc 
999 |c 21926  |d 21926